LEADER 01789oam 2200469M 450 001 9910716203003321 005 20200213070535.7 035 $a(CKB)5470000002520100 035 $a(OCoLC)1065848899 035 $a(OCoLC)995470000002520100 035 $a(EXLCZ)995470000002520100 100 $a20071213d1926 ua 0 101 0 $aeng 135 $aurcn||||||||| 181 $ctxt$2rdacontent 182 $cc$2rdamedia 183 $acr$2rdacarrier 200 10$aCare of certain insane citizens of Alaska. May 14, 1926. -- Committed to the Committee of the Whole House on the State of the Union and ordered to be printed 210 1$a[Washington, D.C.] :$c[U.S. Government Printing Office],$d1926. 215 $a1 online resource (2 pages) 225 1 $aHouse report / 69th Congress, 1st session. House ;$vno. 1206 225 1 $a[United States congressional serial set ] ;$v[serial no. 8534] 300 $aBatch processed record: Metadata reviewed, not verified. Some fields updated by batch processes. 300 $aFDLP item number not assigned. 606 $aDangerously mentally ill 606 $aMedical care 606 $aPsychiatric hospitals 606 $aMentally ill 608 $aLegislative materials.$2lcgft 615 0$aDangerously mentally ill. 615 0$aMedical care. 615 0$aPsychiatric hospitals. 615 0$aMentally ill. 701 $aGraham$b George Scott$f1850-1931$pRepublican (PA)$01386798 801 0$bWYU 801 1$bWYU 801 2$bOCLCO 801 2$bOCLCQ 906 $aBOOK 912 $a9910716203003321 996 $aCare of certain insane citizens of Alaska. May 14, 1926. -- Committed to the Committee of the Whole House on the State of the Union and ordered to be printed$93537275 997 $aUNINA LEADER 01297nam 2200361 450 001 996577953903316 005 20230814233431.0 010 $a1-5386-5627-2 035 $a(CKB)4100000008867527 035 $a(WaSeSS)IndRDA00121258 035 $a(EXLCZ)994100000008867527 100 $a20200331d2018 uy 0 101 0 $aeng 135 $aur||||||||||| 181 $ctxt$2rdacontent 182 $cc$2rdamedia 183 $acr$2rdacarrier 200 10$aISCSLP $e2018 11th International Symposium on Chinese Spoken Language Processing : November 26-29, 2018, Academia Sinica, Taiwan, Taiwan /$fInstitute of Electrical and Electronics Engineers 210 1$aPiscataway, New Jersey :$cInstitute of Electrical and Electronics Engineers,$d2018. 215 $a1 online resource (xxiii, 504 pages) 311 $a1-5386-5628-0 606 $aChinese language$xMachine translating$vCongresses 606 $aChinese language$xSpoken Chinese$vCongresses 615 0$aChinese language$xMachine translating 615 0$aChinese language$xSpoken Chinese 676 $a495.10285 712 02$aInstitute of Electrical and Electronics Engineers, 801 0$bWaSeSS 801 1$bWaSeSS 906 $aPROCEEDING 912 $a996577953903316 996 $aISCSLP$92498611 997 $aUNISA